|
|
|
|
| LEADER |
00000cam a2200000 7i4500 |
| 001 |
0000001275 |
| 005 |
20011204.0 |
| 020 |
0 |
0 |
|a 9251021538
|
| 090 |
0 |
0 |
|a FAO634.987
|b FOO 1984
|
| 245 |
0 |
0 |
|a FOOD and fruit-bearing forest species 2 :
|b Examples from Southeastern Asia
|
| 260 |
0 |
0 |
|a Rome :
|b Food and Agriculture Organization of the United Nations ,
|c 1984
|
| 300 |
|
|
|a xx, 167 p. :
|b ill. ;
|c 30 cm.
|
| 440 |
0 |
0 |
|a FAO forestry paper ; 44/2
|
| 500 |
0 |
0 |
|a Bibliography : [p.163]
|
| 650 |
0 |
0 |
|a Forest products
|z Asia, Southeastern
|
| 650 |
0 |
0 |
|a Fruit
|x Culture
|z Asia, Southeastern
|
| 710 |
1 |
1 |
|a Food and Agriculture Organization of the United Nations (FAO)
|
| 998 |
|
|
|a JPSM
|
| 999 |
|
|
|a 0000005880
|b Monograph
|c Food and Agriculture Organization
|e Default branch
|